000 005490000a22001690004500
020 _a1-884752-75-6
041 0 _aSPA
082 0 4 _aG 808.027 P5115e
245 1 0 _aEdite con éxito : Desde una idea hasta el producto final / Kim A. Pettit, Editor ; Esther Alcántara, Sara... [et.al.], Traductores
260 _aColorado Springs, Colorado : Cook Ministries International
300 _a239 Pág.
001 13972
942 _cBK
999 _c42901
_d42901
336 _atexto
_btxt
_2rdacontent
337 _2rdamedia
_asin mediación
_bn
338 _2rdacarrier
_avolumen
_bnc